Normal view
MARC view
Entry Término temático
001 - NÚMERO DE CONTROL
- campo de control: 28428
003 - IDENTIFICADOR DEL NÚMERO DE CONTROL
- campo de control: FranzMayer
005 - FECHA Y HORA DE LA ÚLTIMA TRANSACCIÓN
- campo de control: 20220706161518.0
008 - DATOS DE LONGITUD FIJA
- campo de control de longitud fija: 220706|| aca||aabn | a|a d
040 ## - FUENTE DE LA CATALOGACIÓN
- Centro catalogador/agencia de origen: FranzMayer
- Centro/agencia transcriptor: FranzMayer
150 ## - ENCABEZAMIENTO--TÉRMINO DE MATERIA
- Término de materia o nombre geográfico como elemento de entrada: Daguerrotipo
- Subdivisión general: Historia
- Subdivisión general: Técnica
- Subdivisión cronológica: 1839-1860
- Subdivisión geográfica: México
670 ## - FUENTE DE DATOS ENCONTRADOS
- Cita de la fuente: Work cat.: (FranzMayer)10810: Mena Macedo, Margarita autor. 28427, La representación femenina a través de la técnica del daguerrotipo en el siglo XIX en México. (1839-1860) / , 2019